Estatísticas para Quiz da Mongólia

Clique aqui para jogar o quiz

Estatísticas Gerais

  • Esse quiz foi jogado 380 vezes
  • A pontuação média é 8 de 16

Estatísticas das Respostas

DicaResposta% Correto
Fundador do Império Mongol{Gengis} Khan
88%
Religião praticada por mais de 50% da população mongolBudismo
84%
CapitalUlaanbaatar
82%
Ideologia da Mongólia entre 1924 a 1992{Comun}ismo
69%
Grande deserto localizado entre a Mongólia e a ChinaGobi
67%
Animal que é um símbolo da Mongólia, e tem uma população maior
que de número de pessoas na Mongólia
Cavalo
59%
Região chinesa na fronteira com a Mongólia, que tem uma população
maior de mongóis que a própria Mongólia
Mongólia {Interior}
43%
Khan da Mongólia que conquistou a China em 1279{Kublai} Khan
39%
Cidade que foi a última capital do Império MongolPequim
38%
Termo para os vastos campos da Ásia, que inclui grande parte da MongóliaEstepe
37%
Tipo de tenda usada pelos nômades da MongóliaGer (Yurt)
28%
Nome de nascimento do acimaTemudjin
27%
Cordilheira encontrada no extremo oeste da MongóliaAltai
23%
Tradução portuguesa do acima{Herói} Vermelho
23%
Setor da economia da Mongólia responsável por 80% das exportaçõesMineração
23%
Moeda oficialTugrik
23%

Distribuição das Pontuações

Percentil de Números Respondidos

Porcentagem de Pessoas com Cada Pontuação

Sua Pontuação Histórica

Você não jogou esse quiz